| 000 | 00459nam a22001691 4500 | ||
|---|---|---|---|
| 082 | 0 | 0 |
_a532 _bBIN _cL-22 P-13 |
| 100 | 1 |
_aBinder, Raymond C. _939905 |
|
| 245 | 0 | 0 | _aFluid mechanics. |
| 250 | _a4th ed. | ||
| 260 |
_aEnglewood Cliffs, N.J., _bPrentice-Hall, _c1962. |
||
| 300 |
_a453 p. _billus. _c24 cm. |
||
| 526 |
_a0 _b0 _c0 _d532_000000000000000_BIN |
||
| 650 | 0 |
_aFluid mechanics. _91678 |
|
| 650 | 0 | _aHydraulics. | |
| 650 | 0 |
_aMCE _9379 |
|
| 942 |
_2ddc _cBK |
||
| 999 |
_c544309 _d544309 |
||